LEADER 01472nam a2200277 i 4500 001 000000028894 003 CaOOAMICUS 005 20180830125448.0 008 180830n it u000 u ita u 040 $aSeMil$bita 100 1 $aGilardi, Enrico .$0(OLS)http://semarc/name/13185 245 10$a[Storia della filosofia /$cEnrico Gilardi. 260 $aS.l. :$bs.n.],$c[19-?] 300 $av. ;$c21 cm. 650 4$aDispense scolastiche.$0(OLS)http://semarc/subject/526 650 4$aFilosofia - Manuali.$0(OLS)http://semarc/subject/134 774 0 $t[Umanesimo e Rinascimento ; Momento metodologico del '600 ; Momento sistematico del '600].$g2$w()223574 774 0 $t[Sviluppi e reazioni al cartesianesimo ; Da Cartesio al razionalismo ; Da Hobbes all'empirismo ; Filosofia della storia].$g3$w()223575 774 0 $t[Illuminismo ; Il criticismo di Emanuele Kant].$g4$w()223576 774 0 $t[Età del Romanticismo.$g5$w()223577 774 0 $t[Età del Romanticismo.$g6$w()223578 774 0 $t[Età del Positivismo ; Filosofia contemporanea].$g7$w()223579 774 0 $tCriticismo di Kant ; Da Kant all'Idealismo ; Idealismo ; Reazioni all'Idealismo ; La Sinistra hegeliana ; La filosofia del Risorgimento italiano].$g8$w()223580 774 0 $t[Dal Positivismo alla Filosofia contemporanea].$g9$w()223581 996 $6245$a[Storia della filosofia$9(OLS)http://semarc/title/39213 996 $6260$aS.l. :$bs.n.]$9(OLS)http://semarc/publisher/37924 LEADER 00954nam a2200253 i 4500 001 000000070255 003 CaOOAMICUS 005 20070329000000.0 008 070329s1996 it u000 u ita u 013 $a41427 020 $a88-459-1205-1 040 $aSeMil$bita 100 1 $aQuinzio, Sergio,$d<1927-1996>.$0(OLS)http://semarc/name/2775 245 10$aDiario profetico /$cSergio Quinzio. 260 $aMilano :$bAdelphi,$ccopyr. 1996. 300 $a213 p. ;$c18 cm. 490 0 $aPiccola Biblioteca Adelphi ;$v366 830 0$aPiccola biblioteca Adelphi ;$v366.$0(OLS)http://semarc/title/7074 850 $aSeMil 852 $aSeMil$W1$xVenegono$y1$m1B I 118$j36408$B36408$CSeMilBibl$Z2$F36411 $81 961 $aOmaggio: Delpini mons. Mario 996 $6020$a88-459-1205-1$9(OLS)http://semarc/number/48996 996 $6245$aDiario profetico$9(OLS)http://semarc/title/112710 996 $6260$aMilano :$bAdelphi$9(OLS)http://semarc/publisher/30018